The Uses of Argumentation /

Uloženo v:
Podrobná bibliografie
Hlavní autor: Toulmin, Stephen Edelston (autor)
Další autoři: Grootendorst, Rob (autor) (autor)
Médium: Kniha
Jazyk:angličtina
Vydáno: Cambridge, Inglaterra : Cambridge University, 2003, c2003
Témata:
Tagy: Přidat tag
Žádné tagy, Buďte první, kdo vytvoří štítek k tomuto záznamu!

MARC

LEADER 00000nam^a2200000^a^4500
001 000177141
005 20250521000000.0
009 20260526125953.215
020 |a 0-521-53483-6 
037 |a Acervo ITESO - Biblioteca 
041 |a ING 
082 |a 168.  |b TOU 
100 |a Toulmin, Stephen Edelston  |e (autor) 
245 1 4 |a The Uses of Argumentation /  |c S.E. Toulmin. 
264 4 |a Cambridge, Inglaterra :  |b Cambridge University,  |c 2003, c2003 
300 |a XIV, 247 p. 
336 |a texto  |b txt  |2 rdacontenido 
337 |a sin mediación  |b n  |2 rdamedio 
338 |a volumen  |b nc  |2 rdasoporte 
649 |a XX 
650 |a Argumentación -  |x Teoría 
650 |a Debates y el Arte de Discutir 
650 |a Razonamiento 
650 |a Persuasión 
650 |a Negociación y Mediación 
650 |a Interacción Comunicativa 
650 |a Comunicación Oral 
650 |a Comunicación Personal 
650 |a Comunicación -  |x Filosofía 
650 |a Retórica 
650 |a Materialismo Histórico y Dialéctico 
650 |a Análisis del Discurso 
650 |a Lingüística 
650 |a Lógica 
650 |a Criticismo 
650 |a Filosofía del Lenguaje 
700 |a Grootendorst, Rob  |e (autor) 
910 |a Fondo General 
920 |a Impresos - Libros 
930 |a Colección General 
905 |a 101 
901 |a 0500115693  |b IT1  |c ACC  |u 20250521 
902 |a https://opac.biblio.iteso.mx/vufind/Record/000177141